书目信息 |
| 题名: |
产业经济学
|
|
| 作者: | 肖兴志 主编 | |
| 分册: | ||
| 出版信息: | 北京 中国人民大学出版社 2016.1 |
|
| 页数: | 297页 | |
| 开本: | 26cm | |
| 丛书名: | 新编21世纪经济学系列教材 | |
| 单 册: | ||
| 中图分类: | F062.9 | |
| 科图分类: | ||
| 主题词: | 产业经济学--chan ye jing ji xue--高等学校--教材 | |
| 电子资源: | ||
| ISBN: | 978-7-300-22257-8 | |
| 000 | 01532oam2 2200289 450 | |
| 001 | 2159506755 | |
| 005 | 20211012170659.99 | |
| 010 | @a978-7-300-22257-8@dCNY36.00 | |
| 100 | @a20160204d2016 em y0chiy50 ea | |
| 101 | 0 | @achi |
| 102 | @aCN@b110000 | |
| 105 | @aak az 000yy | |
| 106 | @ar | |
| 200 | 1 | @a产业经济学@Achan ye jing ji xue@dIndustrial economics@f肖兴志主编@zeng |
| 205 | @a2版 | |
| 210 | @a北京@c中国人民大学出版社@d2016.1 | |
| 215 | @a297页@c图@d26cm | |
| 225 | 2 | @a新编21世纪经济学系列教材@Axin bian 21shi ji jing ji xue xi lie jiao cai |
| 320 | @a有书目 | |
| 330 | @a本书为一本面向本科生高年级和研究生一年级的产业经济学教科书,由产业经济学领域全国**的教育部人文社科重点研究基地——东北财经大学产业组织与企业组织研究中心承担编写工作,系东北财经大学产业经济学国家重点学科建设成果之一。本书重视对产业经济学科的全面介绍,内容丰富,取材广泛,总共包括十四章,主题涵盖学科流派演变、市场结构分析、企业策略性行为、市场绩效衡量、反垄断与规制政策等,系统反映了现代产业经济学的学科体系和**研究成果。本书采用学术界公认的研究观点进行科学阐述,概念准确、论述严密。本书编写生动活泼,书中穿插了大量的案例和思考题,重点阐释了产业经济学理论在现实经济社会中的应用和发展,从而能使读者充分体会到产业经济学学科与现实经济社会生活的紧密结合。 | |
| 461 | 0 | @12001 @a新编21世纪经济学系列教材 |
| 510 | 1 | @aIndustrial economics@zeng |
| 606 | 0 | @a产业经济学@Achan ye jing ji xue@x高等学校@j教材 |
| 690 | @aF062.9@v5 | |
| 701 | 0 | @a肖兴志@Axiao xing zhi@4主编 |
| 801 | 0 | @aCN@b百万庄@c20211009 |
| 905 | @b1307696-99@dF062.9@e178=2@f4 | |
| 产业经济学=Industrial economics/肖兴志主编.-2版.-北京:中国人民大学出版社,2016.1 |
| 297页:图;26cm.-(新编21世纪经济学系列教材) |
| ISBN 978-7-300-22257-8:CNY36.00 |
| 本书为一本面向本科生高年级和研究生一年级的产业经济学教科书,由产业经济学领域全国**的教育部人文社科重点研究基地——东北财经大学产业组织与企业组织研究中心承担编写工作,系东北财经大学产业经济学国家重点学科建设成果之一。本书重视对产业经济学科的全面介绍,内容丰富,取材广泛,总共包括十四章,主题涵盖学科流派演变、市场结构分析、企业策略性行为、市场绩效衡量、反垄断与规制政策等,系统反映了现代产业经济学的学科体系和**研究成果。本书采用学术界公认的研究观点进行科学阐述,概念准确、论述严密。本书编写生动活泼,书中穿插了大量的案例和思考题,重点阐释了产业经济学理论在现实经济社会中的应用和发展,从而能使读者充分体会到产业经济学学科与现实经济社会生活的紧密结合。 |
| ● |
| 相关链接 |
|
|
|
|
正题名:产业经济学
索取号:F062.9/178=2
 
预约/预借
| 序号 | 登录号 | 条形码 | 馆藏地/架位号 | 状态 | 备注 |
| 1 | 1307696 | 213076963 | 第一样本阅览室/ [索取号:F062.9/178=2] | 在馆 | |
| 2 | 1307697 | 213076972 | 第一借阅区/ [索取号:F062.9/178=2] | 在馆 | |
| 3 | 1307698 | 213076981 | 第一借阅区/ [索取号:F062.9/178=2] | 在馆 | |
| 4 | 1307699 | 213076990 | 第一借阅区/ [索取号:F062.9/178=2] | 在馆 |